000 00204nam a2200097Ia 4500
008 240331s9999 xx 000 0 und d
082 _bDAV
100 _aDavids,T.W.R
245 0 _aBuddhist India
942 _cL
999 _c1986
_d1986